Methodological basis for determination economic feasibility of military technology export

Výskumný a technický potenciál ukrajinských vojenských technológií. Vývoz vojenskej technológie a oblasť vojenského priemyslu Ukrajiny. Analýzy ukazujú, že výrobky vyrábané vojensko-priemyselným odvetvím ukrajinskej ekonomiky sú konkurencieschopné na medzinárodnom trhu.

Saved in:
Bibliographic Details
Main Author: Behma, Vitaliy
Other Authors: Schehliuk, Bohdan
Format: Book Chapter
Language:Ukrainian
Subjects:
Tags: Add Tag
No Tags, Be the first to tag this record!

MARC

LEADER 00000nla a2200000 4500
001 0231142
005 20240417075120.8
041 0 |a ukr 
044 |a UA 
245 1 0 |a Methodological basis for determination economic feasibility of military technology export  |c Vitaliy Behma, Bohdan Schehliuk 
520 |a Výskumný a technický potenciál ukrajinských vojenských technológií. Vývoz vojenskej technológie a oblasť vojenského priemyslu Ukrajiny. Analýzy ukazujú, že výrobky vyrábané vojensko-priemyselným odvetvím ukrajinskej ekonomiky sú konkurencieschopné na medzinárodnom trhu. 
610 2 0 |a Ukrajina 
610 2 0 |a výskum vojenský 
610 2 0 |a technika zbrojná 
610 2 0 |a potenciál vojensko-ekonomický 
610 2 0 |a priemysel zbrojársky 
610 2 0 |a trh medzinárodný 
100 1 |a Behma, Vitaliy 
700 1 |a Schehliuk, Bohdan